Normal view
MARC view
- Patients
Entry Topical Term
001 - CONTROL NUMBER
- control field: 5906
003 - CONTROL NUMBER IDENTIFIER
- control field: URS
005 - DATE AND TIME OF LATEST TRANSACTION
- control field: 20240718184432.0
008 - FIXED-LENGTH DATA ELEMENTS
- fixed length control field: 240718|| aca||babn | a|a d
040 ## - CATALOGING SOURCE
- Original cataloging agency: URS
150 ## - HEADING--TOPICAL TERM
- Topical term or geographic name entry element: Patients
- General subdivision: Safety measures.